Statistics for Days of the week in Spanish

Click here to take the quiz!

General Stats

  • This quiz has been taken 24 times
  • The average score is 6 of 7

Answer Stats

EnglishSpanish% Correct
SaturdaySábado
100%
MondayLunes
93%
TuesdayMartes
93%
WednesdayMiércoles
93%
FridayViernes
93%
SundayDomingo
87%
ThursdayJueves
87%

Score Distribution

Percentile by Number Answered

Percent of People with Each Score

Your Score History

You have not taken this quiz